000 00435nam a2200145 a 4500
001 000043063
005 20201002040617.0
008 140218s1993 xxu 000 0 spa d
020 _a9781616645335
040 _aDO-SdBNP
_bspa
_cBNPHU
100 1 _aWhite, Suzanne
_970587
245 1 0 _aThe New Chinese Astrology. /
_cSuzanne White.
260 _aNew York, :
_bThomas Dunne Books
_bSt. Martin“s Press,
_c1993.
300 _a589 p. ;
_c21 cm.
999 _c42552
_d42552